UEFA European Championship Winners - Statistics

General Stats
  • This quiz has been taken 20 times
  • The average score is 9 of 10
Answer Stats
Winner % Correct
Germany
(incl. West Germany)
100%
Italy
100%
Spain
100%
France
94%
Portugal
94%
Greece
88%
Denmark
81%
Netherlands
81%
Soviet Union
81%
Czechoslovakia
75%
No matching quizzes found
Score Distribution
Percent of People with Each Score
Percentile by Number Answered
Your Score History
You have not taken this quiz